000 00347 a2200133 4500
005 20250627081033.0
020 _a1-55570-447-6
082 _a004BRA
100 _aBRADLEY, P.
245 _aInternet Power Searching: The Advanced Manual and Edition,
260 _aNew York,
_bNEAL- SCHUMAN,
_c2002.
300 _axiii,
_bIndex
_c25cm
942 _2ddc
_cBKS
999 _c5542
_d5542